000 00708nam a2200205 i 4500
001 30873
003 ES-MaACL
005 20240520185832.0
007 t|
008 030127s1884 sp ||||1| spa d
080 _a821.134.2-14"18"
100 1 _aBartrina, Joaquín María.
_926191
245 1 0 _aAlgo
_b: colección de poesías originales /
_cJoaquín María Bartrina ; ilustradas por José Luis Pellicer.
250 _a4ª ed.
260 _aBarcelona :
_bLibrería Española de I. López,
_c1884 (
_fImp. de Luis Tassó y Serra)
300 _a206 p. :
_bil. ;
_c20 cm.
700 1 _aPellicer, Josep Lluis,
_d1842-1901
_9143862
852 _aES-MaACL
_jZ-197
_xOlim: G-7088
999 _c30873
_d30873